Quizzes
Events
Quiz Creation
Community
Videos
Private Events
Remove Ads
Sign In
Join for FREE
Feedback
Dark Mode
Quiz Categories
Sports
Geography
Music
Movies
Television
Just For Fun
Miscellaneous
History
Literature
Language
Science
Gaming
Entertainment
Religion
Holiday
For Kids
Quiz Lab
Recent
Popular Today
Quiz Kudos Today
Editor Picks
Curator Picks
Quizzes by...
Day
Popularity
Type
Ratings
Length
Year
Community
Subscriptions
Recent Discussions
Orange Saloon
Badges
Playlists
Quests
Create
Leaderboards
Showdown
Live 5
Trivia Bingo
Activity
Puzzle Library
Sporcle Events
Private Events
Virtual Trivia
Globe League
Become a Host
Pub Owners
SporcleCon
Opinionation
Our Games
Videos
Blog
Mobile Apps
Partnerships
Remove Ads and Go Orange
Feedback
Literature
Harry Potter
A Song of Ice and Fire
The Hunger Games
Literary Character
Shakespeare
Book
Author
Novel
Poem
Young Adult
Children's Books
Play
Lord of the Rings
Literature
Harry Potter
A Song of Ice and Fire
The Hunger Games
Literary Character
Shakespeare
Book
Author
Novel
Poem
Young Adult
Children's Books
Play
Lord of the Rings
Random Quiz
Search Sporcle
×
Quiz Lab
Quiz Lab
Literature
Harry Potter
Type in answers that appear in a list
Type in answers that appear in a list
Classic
Best Score? Go Orange.
Harry Potter random triva Stats
Can you name the Harry Potter random triva?
By
Bluedevilplaya16
7m
20 Questions
1,084 Plays
1,084 Plays
1,084 Plays
Comments
Comments
Give Quiz Kudos
Give Quiz Kudos
-
- Ratings
hide this ad
Replay
Link that replays current quiz
Next Quiz
Link to next quiz in quiz playlist
You Got
0%
They Got
Avg Score
43%
Avg Friend Score
Upgrade to see
Score Distribution
Jump to the score distribution portion of the page
Score
0/20
Timer
07:00
0
Plays Today
Hints
Answers
% Correct
7th Horcrux
Nagini
86.9%
What was the last Horcrux to be destroyed
Nagini
86.9%
Who kills Nagini
Neville Longbottom
77.2%
What is Dumbledore's Phoenix named
Fawkes
76.8%
Who killed Dumbledore
Severus Snape
76.1%
6th Horcrux
Harry Potter
73.5%
Who kills Severus Snape
Voldemort
72.1%
1st Horcrux
Tom Riddle's Diary
61.5%
Who is Dumbledore's brother
Aberforth
44.6%
3rd Horcrux
Slytherin's Locket
37.5%
Hints
Answers
% Correct
What was used to kill Nagini
Gryffindor's Sword
35.5%
What does Voldemort hope to receive after he kills Snape
Elder Wand
32.9%
2nd Horcrux
Marvolo Gaunt's ring
31.1%
How does Harry catch his first Snitch
In his mouth
26.7%
4th Horcrux
Helga Hufflepuff's Cup
23.2%
Who do Ron and Harry take to the Yule Ball
Padma and Parvati Patil
17.9%
Who are Moony, Wormtail, Padfoot, and Prongs
Lupin, Pettigrew, Black, Potter
10.7%
5th Horcrux
The Diadem of Rowena Ravenclaw
4.2%
Who were the three owner's of the Elder Wand
Dumbledore, Draco Malfoy, and Harry Potter
3.3%
Whar are Hagrid's Pets throughout the books
Fluffy, Norbert, Aragog, and Buckbeak
0.7%
Quiz Playlist
Details
Report
Send in Message
Add To Playlist
Classic:
Type in answers that appear in a list
Last Updated: Feb 16, 2017
Quiz Scoreboard
CHALLENGE
Sign Up to Join the Scoreboard
Show All
Scores
Hide
Comments
May contain spoilers
Recently Published
Movies - When Are They Set?
by FPL_Elf
Movies
5m
Popular People in 1961
by mucciniale
History
6m
1-10 Letter E Words III
by El_Dandy
Language
2m
More to Explore
Quiz From the Vault
Featured Blog Post
Where Did the Easter Bunny Come From?
hide this ad
You Might Also Like...
Tags
Harry Potter Quiz
Today's Top Quizzes in Literature
Browse Literature
hide this ad
Today's Top Quizzes in Harry Potter
Browse Harry Potter
Top Contributed Quizzes in Literature
1
Sneaky Slytherin Logic Puzzle
2
One Thing in Common: Literature
3
Get The Picture: Black or White Literature
4
Weasley Family Reunion: Logic Puzzle
5
Harry Potter Neighbourly Logic Puzzle #1
6
Harry Potter Neighbourly Logic Puzzle #5
7
One Thing in Common: Books
8
One Thing in Common: Literature II
9
One Thing in Common: Literature 3
10
Literary Siblings Odd One Out III
Explore More
Trending Topics
Crossword
Marvel
NBA
Kpop
Disney
Harry Potter
Anime
Pokémon
WWE
NFL
Country
Soccer
Puzzle
Song
The Office
hide this ad
Score Distribution
Quiz Creator Spotlight
Bluedevilplaya16
Follow
Send a Message
Quizzes Created
-
Created Quiz Play Count
-
Popular Quizzes Today
1
Find the Countries of Europe - No Outlines Minefield
2
Find the US States - No Outlines Minefield
3
The Countries of the World
4
Popular People in 1961
5
US States
6
1-10 Letter E Words III
7
Find the US States
8
One Thing in Common: World Cities II
More Literature Quizzes
Harry Potter Characters: First Appearance II
Quiz Lab
Trending Quizzes
Risky Map Clicking: Least Populous States A-Z
1-10 Letter F Words
1-10 Letter G Words
One Thing in Common: United Kingdom
Risky Map Clicking: Next State Alphabetically
Recently Updated
Leaping Animals
pecheneg
Reality TV Shows (A-Z)
bhenderson79
Rickey Henderson's Hall of Fame Teammates
pecheneg
Champions League XIs: Arsenal
pecheneg
Quick Pick: Celebrities in WWE's Hall of Fame
aduchscher
A-Z Keypad Blitz II
pecheneg
Multiple Oscar Actors
pecheneg
Mystery Phrase Blitz: Oscar 'Best Actors'
pecheneg
F. Scott Fitzgerald Novels
LTH
Pick 3 Villains
ddd62291
Trending Topics
NBA
Crossword
Disney
Marvel
Harry Potter
Kpop
Anime
Country
The Office
WWE
Puzzle
Pokémon
Song
NFL
Soccer
Your Account Isn't Verified!
In order to create a playlist on Sporcle, you need to verify the email address you used during registration. Go to your
Sporcle Settings
to finish the process.
Report this User
Report this user for behavior that violates our
Community Guidelines
.
Details:
Send Report
Go to the Sporcle.com Mobile Site →
Comments